000 00452 a2200145 4500
005 20250619090447.0
020 _a978-1-913622-62-6
082 _a350.85 CHI
100 _aCHISNELL.G.
245 _aIrresistible Learning : Embedding a Culture of Research in Schools.
260 _aWoodbridge,
_bJohn Catt,
_c2021.
300 _a154p.: ill.;
_bBibliography
_c20cm
856 _yAccess Online Book
_fIrresistible Learning
_dwww.johncatt.com
942 _2ddc
_cBKS
999 _c4379
_d4379